000 00715nam a2200241Ia 4500
003 OSt
005 20220925210930.0
006 a|||||r|||| 00| 0
007 ta
008 220923b |||||||| |||| 00| 0 eng d
020 _c225.00
037 _b3837, 11/09/1987, Shipra
_cGeneral Book
040 _aRTL
_cRTL
_beng
041 _2eng
_aeng
082 _aX:89K.2.N8, M7
100 _aKotia P K
_9273528
245 0 _aRole of financial institutions in regional develop
260 _aJaipur
_bPrateeksha Publiction
_c1987
300 _a238p
_ccm.
650 _aLocation Economics
942 _hX:89K.2.N8, M7
_cGB
_2CC
999 _c556298
_d556298